000 00605nam a2200241Ia 4500
003 OSt
005 20220926043829.0
006 a|||||r|||| 00| 0
007 ta
008 220923b |||||||| |||| 00| 0 eng d
037 _cGeneral Book
040 _aRTL
_cRTL
_beng
041 _2eng
_aeng
082 _aU18, K3
100 _aRayner William Horace
245 0 _aElementary surveying
250 _a4th
260 _c1963
650 _aGeography
700 _a Schmidt Milton O
942 _hU18, K3
_cGB
_2CC
999 _c673328
_d673328